000
00299nam a22001217a 4500
008
170711b xxu||||| |||| 00| 0 eng d
041
_a
eng
080
_a
030
100
_a
23
101
_a
ENC
245
_a
THE THORNDIKE ENCYCLOPEDIA OF BANKING AND FINANCIAL TABLES
_c
THORNDIKE,D
942
_2
udc
_c
BK
999
_c
20222
_d
20222